000 00653nam a22002293a 4500
005 20260415064206.0
008 010625s1998 ag r 000 0 spa d
020 _a9507011455
035 _aUPN01000108952
049 _aCG
050 4 _aLB3051
_bA2.4 1998
100 1 _aApel, Jorge
245 1 0 _aEvaluar e informar :
_ben el proceso de enseñanza aprendizaje /
_cJorge Apel.
250 _a5a ed.
260 _a[Buenos Aires] :
_bAique,
_c1998.
300 _a125 p.
440 0 _aDidáctica
650 2 _aEvaluación académica
_913444
650 4 _aProceso enseñanza-aprendizaje
_942
650 4 _aEvaluación educativa
_94298
905 _aLibro
999 _c82863
_d82863